000 00849nam a22002777a 4500
003 OSt
005 20260530113916.0
008 260508b1969 xxu||||| |||| 00| 0 eng d
040 _aICI
_bspa
_cICI
_erda
041 _aeng
050 _aTJ145
_bO27
100 _aO´Brien, Robert.
_eautor
_934120
245 _aMachines /
_ceditores René Dubos ; Henry Margenau
264 _aEstados Unidos :
_bTIME - LIFE International,
_c1969
336 _2rdacontent
_atexto
337 _2rdamedia
_asin medio
338 _2rdacarrier
_avolumen
650 _aMáquinas
_934121
650 _aIngeniería mecánica
_934122
650 _aTecnología industrial
_934123
650 _aMaquinaria
_934124
650 _aHistoria de la tecnologí
_934125
700 _aDubos, René,
_eeditor
_934126
700 _aMargenau, Henry,
_eeditor
_934127
942 _2lcc
_cBK
_n1
999 _c12299
_d12299